Texas High School 5A Schools 2016-2018 Quiz Stats

 Plays Quiz not verified by Sporcle

Score 0/255 Timer 20:00
0 Plays Today
Region Number High School % Correct
2McKinney North
88.9%
4Donna North
88.4%
2Wylie East
87.9%
3Magnolia West
87.9%
4Victoria East
87.4%
4Victoria West
87.4%
1El Paso Austin
83.7%
3Houston Austin
83.7%
4Austin
83.7%
1El Paso Bowie
78.4%
2Frisco
77.9%
4Corpus Christi King
77.4%
1Lubbock
76.8%
1Amarillo
75.8%
1Denton Ryan
75.8%
1Colleyville Heritage
75.8%
2Dallas Highland Park
75.8%
1Denton
75.3%
2Frisco Centennial
75.3%
2Frisco Heritage
75.3%
3Tomball Memorial
75.3%
1Aledo
74.7%
2Arlington Seguin
74.7%
3Port Arthur Memorial
74.7%
4Seguin
74.7%
2Frisco Lone Star
74.2%
4San Antonio Memorial
74.2%
1Sherman
73.7%
3Tomball
73.7%
1Abilene Cooper
73.2%
2Burleson Centennial
73.2%
3Bryan
73.2%
3College Station
73.2%
3Waco
73.2%
1Denison
72.6%
1Wichita Falls
72.6%
3Magnolia
72.6%
1El Paso Jefferson
72.1%
1Lubbock Coronado
72.1%
2Dallas Jefferson
72.1%
2Frisco Liberty
72.1%
4San Antonio Jefferson
72.1%
4Austin Johnson
71.6%
4Corpus Christi Calallen
71.6%
1Lubbock Cooper
71.1%
1Wichita Falls Rider
71.1%
2Dallas Adams
71.1%
2Frisco Wakeland
71.1%
2Texarkana Texas
71.1%
3College Station A&M Consolidated
70.5%
2Lancaster
70%
3Temple
70%
3Fort Bend Marshall
70%
4San Antonio Houston
70%
2Waxahachie
69.5%
3Georgetown
69.5%
3Huntsville
69.5%
2Prosper
68.9%
2Lucas Lovejoy
68.9%
2Marshall
68.9%
3Waco University
68.9%
4San Antonio Alamo Heights
68.9%
1Lubbock Monterey
67.9%
3Ennis
67.9%
3Houston Madison
67.9%
2Frisco Independence
67.4%
3Corsicana
67.4%
1Fort Worth Dunbar
66.8%
2Burleson
66.8%
3Bastrop
66.8%
4San Antonio Lanier
66.8%
2Mansfield Legacy
66.3%
2Frisco Reedy
66.3%
3Cedar Park
66.3%
4Austin Lanier
66.3%
1Grapevine
65.8%
2Mansfield Summit
65.8%
4Donna
65.8%
2Dallas Sunset
65.3%
4Corpus Christi Carroll
65.3%
1El Paso
64.7%
2Lewisville The Colony
64.7%
2Cleburne
64.2%
2Red Oak
64.2%
2Dallas South Oak Cliff
63.7%
Region Number High School % Correct
2Mesquite Poteet
63.7%
3Bryan Rudder
63.7%
3Galveston Ball
63.7%
1Northwest
63.2%
2Midlothian
63.2%
4Austin Crockett
63.2%
4Rosenberg Lamar Consolidated
63.2%
4Corpus Christi Ray
63.2%
2Little Elm
62.6%
4Dripping Springs
62.6%
1Canyon
61.6%
1Azle
61.6%
1Fort Worth Wyatt
61.6%
2Carrollton Turner
61.1%
1Denton Braswell
60.5%
1Fort Worth Boswell
60.5%
2Dallas Adamson
60.5%
3Houston Sterling
60.5%
4Angleton
60.5%
4San Antonio Southside
60.5%
2Dallas Hillcrest
60%
2Dallas Samuell
60%
2Lake Dallas
60%
4Marble Falls
60%
2Greenville
59.5%
4Austin Travis
59.5%
1El Paso Ysleta
58.9%
1Plainview
58.9%
1Fort Worth Southwest
58.9%
1Fort Worth Eastern Hills
58.9%
2Carrollton Smith
58.4%
4Boerne Champion
58.4%
2Dallas Wilson
57.9%
2Forney
57.9%
1El Paso Andress
57.4%
2Dallas North Dallas
57.4%
4Lockhart
57.4%
1Hereford
56.8%
4Kerrville Tivy
56.8%
1Dumas
56.3%
1San Angelo Lake View
56.3%
2Sulphur Springs
56.3%
3Beaumont Central
56.3%
3Fort Bend Elkins
56.3%
1Amarillo Caprock
55.8%
3Port Neches-Groves
55.8%
3Nacogdoches
54.7%
1Fort Worth Western Hills
54.2%
3Houston Milby
54.2%
1Saginaw
53.7%
1White Settlement Brewer
53.7%
1Amarillo Palo Duro
53.2%
2Mansfield Timberview
53.2%
3Pflugerville Connally
53.2%
4Uvalde
53.2%
3Manvel
52.1%
1El Paso Del Valle
51.6%
2West Mesquite
51.6%
3Nederland
51.6%
1El Paso Chapin
51.1%
1Fort Worth North Side
51.1%
1North Richland Hills Richland
51.1%
2North Forney
51.1%
3Baytown Lee
51.1%
3Fort Bend Willowridge
51.1%
3Houston Lee
51.1%
4Corpus Christi Flour Bluff
51.1%
1El Paso Eastlake
50.5%
1Fort Worth Chisholm Trail
50.5%
3Texas City
50.5%
4San Antonio Burbank
50.5%
1El Paso Hanks
50%
1Canyon Randall
50%
3Hutto
50%
3Leander Rouse
50%
4Castroville Medina Valley
50%
4San Antonio Kennedy
50%
1Canutillo
49.5%
1Fort Worth Arlington Heights
49.5%
2Royse City
49.5%
3Humble
48.9%
4San Antonio Edison
48.9%
4Gregory-Portland
48.4%
1El Paso Riverside
47.9%
1Fort Worth Trimble Technical
47.9%
Region Number High School % Correct
2Carrollton Creekview
47.9%
1El Paso Burges
47.4%
3New Caney
47.4%
4Brownsville Porter
47.4%
3New Caney Porter
46.8%
1Northwest Eaton
46.3%
2Crowley
46.3%
3Beaumont Ozen
46.3%
4Corpus Christi Moody
46.3%
4Laredo Martin
46.3%
1El Paso Parkland
45.8%
1Fort Worth Carter- Riverside
45.8%
1North Richland Hills Birdville
45.8%
2Dallas Seagoville
45.8%
3Georgetown East View
45.8%
3Dayton
45.8%
1El Paso Irvin
45.3%
2Dallas Kimball
45.3%
3Jacksonville
45.3%
3Livingston
45.3%
1El Paso Bel Air
44.7%
2Granbury
44.7%
2Dallas Spruce
44.2%
4Mission Veterans Memorial
44.2%
4Brownsville Veterans Memorial
44.2%
3Bastrop Cedar Creek
43.7%
4Alice
43.7%
1Clint Horizon
43.2%
2Joshua
43.2%
2Mansfield Lake Ridge
43.2%
2Everman
42.6%
3Lumberton
42.6%
3Houston Davis
42.6%
4San Antonio Brackenridge
42.6%
2Mount Pleasant
42.1%
3Santa Fe
42.1%
3Houston Furr
42.1%
1Fort Worth South Hills
41.6%
3Humble Kingwood Park
41.6%
4Rosenberg Terry
41.6%
4Richmond Foster
40.5%
4Corpus Christi Miller
40%
2Longview Pine Tree
39.5%
3Conroe Caney Creek
39.5%
4Corpus Christi Veterans Memorial
39.5%
1Fort Worth Polytechnic
38.9%
3Brenham
38.9%
4Corpus Christi Tuloso-Midway
38.9%
4Laredo Nixon
38.9%
2Dallas Conrad
37.9%
3Galena Park
37.9%
3Elgin
37.4%
3Alvin Shadow Creek
37.4%
1Fort Worth Young Men's Leadership Academy
36.8%
3Lindale
36.8%
3Vidor
36.8%
3Houston Waltrip
36.8%
2Dallas Molina
36.3%
3Crosby
36.3%
4Austin McCallum
36.3%
1Fort Worth Young Woman's Leadership Academy
35.3%
2Hallsville
35.3%
4Port Lavaca Calhoun
33.2%
3Splendora
32.6%
3Whitehouse
32.1%
3Houston Sharpstown
32.1%
4Austin Reagan
31.6%
3Waller
30.5%
3Willis
30.5%
4San Antonio Highlands
30.5%
4Brownsville Lopez
30.5%
3Mount Belvieu Barbers Hill
29.5%
4Mission Sharyland
29.5%
4Edcouch-Elsa
28.9%
4Floresville
28.4%
4San Antonio Harlandale
27.4%
4Brownsville Pace
26.8%
4Rio Grande City
26.3%
4Roma
24.2%
4Mercedes
22.6%
4San Antonio McCollum
22.1%
4Sharyland Pioneer
21.1%
4Laredo Cigarroa
20.5%
4Pharr Valley View
20.5%
4Eagle Pass Winn
16.3%

You're not logged in!

Compare scores with friends on all Sporcle quizzes.
OR
Log In

Sporcle TV

Today on Sporcle TV


Watch our educational content, quiz creation guides, and fun videos on Sporcle TV.

Show Comments

Extras

Top Quizzes Today


Score Distribution

Your Account Isn't Verified!

In order to create a playlist on Sporcle, you need to verify the email address you used during registration. Go to your Sporcle Settings to finish the process.

Report this User

Report this user for behavior that violates our Community Guidelines.

Details: